Algebraische strukturen und gleichungen
Saved in:
| Main Author: | |
|---|---|
| Format: | Book |
| Language: | German |
| Published: |
Munchen :
Bayerischer Schulbuch-Verlag,
1965
|
| Series: | Mathematik fur hohere schulen ;
; 9 |
| Subjects: | |
| Tags: |
Add Tag
No Tags, Be the first to tag this record!
|
MARC
| LEADER | 00000cam a2200000 i 4500 | ||
|---|---|---|---|
| 001 | 1/104425 | ||
| 008 | 090428s1965 ger d | ||
| 035 | |l 10104412 | ||
| 040 | |a GR-MY-UA |b gre |e aacr | ||
| 041 | 0 | |a ger | |
| 082 | 0 | |a 510 |2 (22) | |
| 100 | 1 | |a Dittmann, Helmut. | |
| 245 | 1 | 0 | |a Algebraische strukturen und gleichungen / |c Helmut Dittmann |
| 260 | |a Munchen : |b Bayerischer Schulbuch-Verlag, |c 1965 | ||
| 300 | |a 146 σ.; |b εικ.; |c 23 εκ. | ||
| 490 | 1 | |a Mathematik fur hohere schulen |v ; 9 | |
| 500 | |a Ein Lehr- und Arbeitsbuch | ||
| 504 | |a Περιέχει ευρετήριο | ||
| 650 | 0 | 0 | |a Algebra. |
| 830 | 0 | |a Mathematik fur hohere schulen ; |v ; 9 | |
| 852 | |a INST |b SAMOS |c MAG |e 20090428 |h 510 DIT |p 005300028889 |q 005300028889 |t BK |y 0 | ||
| 901 | |a BIBL3-2009-1 | ||
| 909 | |a Σ |b 156103 | ||
| 970 | |a ΣΙΤΖΙΜΗ |b ΓΙΑΣΕΜΗ |z 2009/04/28 | ||